000 02200cam a22004454i 4500
003 PE-LiUPU
005 20250731173210.0
008 150625s r 000 0 d
035 _a(Sirsi) a32151
040 _aPE-LiUPU
_bspa
_cPE-LiUPU
_erda
082 0 4 _a220.54
_bB46
_221
245 1 3 _aLa sainte Bible ou le Vieux et le Nouveau Testament.
_n3 /
_cTraducida al francés de los textos hebreo y griego por los pastores y profesores de la Iglesia y la Academia de Ginebra.
264 1 _aGinebra :
_bChez J.J. Paschoud, imprimeur-libraire,
_c1805.
300 _a412 páginas,
_c21 centímetros
336 _atext
_2rdacontent
337 _aunmediated
_2rdamedia
338 _avolume
_2rdacarrier
505 0 _aNOUVEAU TESTAMENT: Mathiéu. - Marc. -Luc. -Jean. -Actes des Apôtres. -Romains. -I Corinthiens. -II Corinlhiens. -Galates. -Ephésiens. -Philippiens. -Colossiens. -I Thessaloniciens, II Thessaloniciens. -I Timothée. -II Timothée. -Tite. -Philémon. -Hébreux. -Jaques. -I Pierre. -II Pierre. -I Jean. -II Jean. -Jean. -Jude. -Apocalypse. LIVRES APOCRYPHES: III Esdras. -IV Esdras. -Tobit. -Judith. -La sagesse de Salomon. -L'Ecclésiastique. - Additions au Livre d'Esther. -Baruch. - Cantique des trois jeunes gens dans la fournaise. -Histoire de Susanne. -Histoire de Bel et du Dragon. - Prière de Manassé. -I Macchabées. -II Macchabées.
526 _aSEG42
526 _aSEG41
526 _aSEG40
526 _aSEG39
526 _aP94
526 _aP87
526 _aP86
526 _aP85
526 _aP77
526 _aP76
526 _aP35
630 _aBiblia.
_pN.T.
_lFrancés
_f1805
630 _aBiblia.
_pA.T.
_xApócrifos
_vComentarios.
700 1 _aPaschoud, J.J.
_eeditor
700 1 _aCamus, Alfredo Adolfo
_eant. pos.
910 _a
942 _2ddc
_cBOOK
949 _a220 3
_wDEWEY
_c1
_i14043
_lCCODEBUL1
_mBUL
_p00.00
_r0
_sY
_tBOOK
_u2015-06-25
_xBIBLIOTECA
_zUNKNOWN
_0COMPRA
_o.STAFF. Colección General
596 _a1
999 _a220.54 B46 3
_wDEWEY
_c39779
_i14043
_f2021-11-11
_g5
_lCCODEBUL1
_mBUL
_r0
_sY
_tBOOK
_u2015-6-25
_xTEOLOGIA
_zUNKNOWN
_0COMPRA
_o.STAFF. Colección General
_d39779
980 _81
_gALBERTO SANCHEZ Responsable de Automatización